000 00585nam a22001817a 4500
003 UA-OsUOA
001 9755
007 ta
008 20041130b un ||||| |||| 00| 0 ukr d
100 _aГриневич В.
942 _cSA
040 _aUA-OsUOA
_cUA-OsUOA
_dUA-OsUOA
245 _aЧервона армія у війнах і воєнних конфліктах 1939-1940 рр. : за лаштунками " визвольних походів "
300 _aС.95-103
955 _a0
773 0 _w0
_tСучасність
_dКиїв
_d2004
_g№11
650 7 _aІсторія
_2UDC
999 _c295916
_d295916